LEADER 00636naa a2200157 i 4500 001 000000294578 003 CaOOAMICUS 005 20180831172509.0 008 180831n xx u000 u und u 013 $a1856 040 $aSeMil$bita 100 1 $aCorecco, Eugenio,$d<1931-1995>.$0(OLS)http://semarc/name/7188 245 10$aIus universale Ius particulare. 650 4$aDiritto canonico - Studi.$0(OLS)http://semarc/subject/1680 773 0 $tIus in vita et in missione Ecclesiae.$dCittą del Vaticano : Libreria Editrice Vaticana, 1994.$z88-209-1963-X$gp.551-575$w()44083 996 $6245$aIus universale Ius particulare$9(OLS)http://semarc/title/370656 LEADER 01084nam a2200217 i 4500 001 000000130639 003 CaOOAMICUS 005 20041029000000.0 008 041029s1959 it u000 u ita u 013 $a103374 040 $aSeMil$bita 245 10$aDalle Origini alla fine del Seicento /$ca cura di Graziella Bertani ... [et al.]. 300 $aCXXX, 511 p., [30] c. di tav. :$bill. + [1] fascicolo. 490 0 $aAbduana tellus : corona di descrizioni antiche e moderne delterritorio comasco ;$v1 500 $aContiene : Ritratti di personaggi illustri apparsi sul Lario ; Piante e mappe ; I pesci del Lario. 700 1 $aBertani, Graziella.$0(OLS)http://semarc/name/54030 773 0 $tLarius.$dMilano : Edizioni Luigi Alfieri, 1959-1966.$gTomo1$w()12359 830 0$aAbduana tellus : corona di descrizioni antiche e moderne delterritorio comasco ;$v1.$0(OLS)http://semarc/title/16407 850 $aSeMil 852 $aSeMil$W1$xVenegono$y1$m4Y VIII 7$j84679$B84679$CSeMilBibl$Z2$F88192 $81 996 $6245$aDalle Origini alla fine del Seicento$9(OLS)http://semarc/title/192403